Guess the 5 most successful Bulgarian footballers - Statistics

General Stats
  • This quiz has been taken 25 times
  • The average score is 3 of 5
Answer Stats
Hint Answer % Correct
1 Hristo Stoichkov
100%
3 Dimitar Berbatov
92%
2 Georgi Asparuhov
29%
4 Krassimir Balakov
25%
5 Yordan Letchkov
17%
No matching quizzes found
Score Distribution
Percent of People with Each Score
Percentile by Number Answered
Your Score History
You have not taken this quiz